[Event "SC-2017-0-00330"]
[Site "LSS email"]
[Date "2017.08.10"]
[Round "?"]
[White "Sternik, Ryszard"]
[Black "Xyko, Kenny"]
[Result "1-0"]
[WhiteElo "1757"]
[BlackElo "1819"]
[PlyCount "51"]
[EventDate "2017.07.03"]
[EventType "tourn (corr)"]
[EventRounds "6"]
[EventCountry "GER"]
[SourceTitle "Corr 2022"]
[Source "ChessBase"]
[SourceDate "2021.10.24"]
[SourceVersion "1"]
[SourceVersionDate "2021.10.24"]
[SourceQuality "1"]

1. e4 c5 2. Nf3 d6 3. d4 cxd4 4. Nxd4 Nf6 5. Nc3 g6 6. Be3 Bg7 7. f3 0-0 8. Qd2 Nc6 9. g4 Bxg4 10. fxg4 Nxg4 11. Nb3 a5 12. a4 Rc8 13. Bg5 h6 14. Bf4 Bxc3 15. bxc3 Nce5 16. Bxe5 Nxe5 17. 0-0-0 Qc7 18. Kb2 Qc4 19. Qd4 Qe6 20. Nd2 Rc5 21. Bb5 Rfc8 22. c4 h5 23. Rhf1 Ng4 24. h3 Ne5 25. Qe3 h4 26. Ra1 1-0

[Event "SC-2017-0-00330"]
[Site "LSS email"]
[Date "2017.08.10"]
[Round "?"]
[White "Xyko, Kenny"]
[Black "Sandocal, Uzmir"]
[Result "0-1"]
[WhiteElo "1819"]
[BlackElo "1648"]
[PlyCount "26"]
[EventDate "2017.07.03"]
[EventType "tourn (corr)"]
[EventRounds "6"]
[EventCountry "GER"]
[SourceTitle "Corr 2022"]
[Source "ChessBase"]
[SourceDate "2021.10.24"]
[SourceVersion "1"]
[SourceVersionDate "2021.10.24"]
[SourceQuality "1"]

1. e4 e5 2. Nf3 Nc6 3. Bb5 a6 4. Ba4 Nf6 5. 0-0 Be7 6. Re1 b5 7. Bb3 d6 8. c3 0-0 9. h3 Nd7 10. d4 Na5 11. Bc2 c5 12. Nbd2 exd4 13. cxd4 Nc6 0-1

[Event "WC-2017-P-00007"]
[Site "LSS email"]
[Date "2017.01.23"]
[Round "?"]
[White "Ilyin, Igor"]
[Black "Xyko, Kenny"]
[Result "1-0"]
[WhiteElo "2097"]
[BlackElo "1775"]
[PlyCount "71"]
[EventDate "2017.02.01"]
[EventType "tourn (corr)"]
[EventRounds "12"]
[EventCountry "GER"]
[SourceTitle "Corr 2022"]
[Source "ChessBase"]
[SourceDate "2021.10.24"]
[SourceVersion "1"]
[SourceVersionDate "2021.10.24"]
[SourceQuality "1"]

1. e4 c5 2. Nf3 d6 3. d4 cxd4 4. Nxd4 Nf6 5. Nc3 g6 6. Be3 Bg7 7. f3 0-0 8. Qd2 Nc6 9. Bc4 Bd7 10. 0-0-0 Rc8 11. Bb3 Ne5 12. Kb1 Re8 13. h4 h5 14. Bh6 Nc4 15. Bxc4 Rxc4 16. Bxg7 Kxg7 17. Nd5 e5 18. Nxf6 Qxf6 19. Nb3 Be6 20. Qxd6 Rec8 21. c3 R4c6 22. Qd2 Qe7 23. g4 hxg4 24. h5 g5 25. fxg4 b6 26. Nc1 Bxg4 27. Rdg1 Rd6 28. Qe3 f5 29. exf5 Bxf5+ 30. Ka1 Kh6 31. Rf1 Rf8 32. Rhg1 e4 33. Re1 Bd7 34. Nb3 Qe5 35. Qc1 Rf4 36. Nd4 1-0

[Event "SC-2016-0-00302"]
[Site "LSS email"]
[Date "2016.09.30"]
[Round "?"]
[White "Schulz, Hans Juergen"]
[Black "Xyko, Kenny"]
[Result "1/2-1/2"]
[WhiteElo "1683"]
[BlackElo "1672"]
[PlyCount "150"]
[EventDate "2016.07.30"]
[EventType "tourn (corr)"]
[EventRounds "6"]
[EventCountry "GER"]
[SourceTitle "Corr 2022"]
[Source "ChessBase"]
[SourceDate "2021.10.24"]
[SourceVersion "1"]
[SourceVersionDate "2021.10.24"]
[SourceQuality "1"]

1. e4 c5 2. Nf3 d6 3. d4 cxd4 4. Nxd4 Nf6 5. Nc3 g6 6. Be3 Bg7 7. f3 0-0 8. Qd2 Nc6 9. 0-0-0 d5 10. exd5 Nxd5 11. Nxc6 bxc6 12. Bd4 e5 13. Bc5 Be6 14. Ne4 Re8 15. h4 Nf4 16. g3 Qxd2+ 17. Rxd2 Nh5 18. g4 Nf4 19. Ba6 Bd5 20. c4 Bxe4 21. fxe4 Rab8 22. Rd7 Bf8 23. Be3 Re7 24. Rxe7 Bxe7 25. Rd1 Ne6 26. Rd7 Bxh4 27. Bxa7 Bg5+ 28. Kc2 Ra8 29. b4 h5 30. gxh5 gxh5 31. b5 h4 32. Bb6 Nd4+ 33. Bxd4 exd4 34. Rxd4 h3 35. Rd1 Bf4 36. Rh1 h2 37. a4 cxb5 38. axb5 Be5 39. c5 Kf8 40. Kd1 Ke7 41. Ke2 Kd7 42. Bb7 Ra5 43. Bc6+ Ke7 44. Kf3 Ra3+ 45. Kg2 Ra2+ 46. Kh3 Rc2 47. Rb1 f6 48. Rd1 Rxc5 49. Kg2 Rc2+ 50. Kh1 Rb2 51. Rd7+ Ke6 52. Rd1 Rb4 53. Be8 Bf4 54. Bc6 Ke5 55. Re1 Bg3 56. Rd1 Rb2 57. Rd5+ Kf4 58. Rd1 Kg4 59. Rc1 Bf4 60. Rf1 Kg3 61. Be8 Bc7 62. Bc6 Rb4 63. Ra1 Kf2 64. Ra2+ Ke3 65. Ra1 Rb2 66. Rd1 Bf4 67. Rf1 Bg3 68. Ra1 Bd6 69. Re1+ Kf2 70. Rd1 Be5 71. Rc1 Ke2 72. Ra1 Rb4 73. Rc1 Ke3 74. Rd1 Bf4 75. Kg2 Rb2+ 1/2-1/2

[Event "SC-2016-0-00302"]
[Site "LSS email"]
[Date "2016.09.30"]
[Round "?"]
[White "Xyko, Kenny"]
[Black "Vasek, Vladimir"]
[Result "1/2-1/2"]
[WhiteElo "1672"]
[BlackElo "1717"]
[PlyCount "91"]
[EventDate "2016.07.30"]
[EventType "tourn (corr)"]
[EventRounds "6"]
[EventCountry "GER"]
[SourceTitle "Corr 2022"]
[Source "ChessBase"]
[SourceDate "2021.10.24"]
[SourceVersion "1"]
[SourceVersionDate "2021.10.24"]
[SourceQuality "1"]

1. e4 e6 2. d4 d5 3. Nc3 Bb4 4. e5 c5 5. a3 Bxc3+ 6. bxc3 Ne7 7. Qg4 Qc7 8. Qxg7 Rg8 9. Qxh7 cxd4 10. Ne2 Nbc6 11. f4 Bd7 12. h4 0-0-0 13. Qd3 dxc3 14. h5 d4 15. h6 Kb8 16. h7 Rh8 17. Rb1 Bc8 18. g4 b6 19. Bg2 Bb7 20. Be4 Ng6 21. Rh5 Nf8 22. Bxc6 Qxc6 23. Nxd4 Qd5 24. Be3 Rxh7 25. Rxh7 Nxh7 26. Qxh7 Qg2 27. Rd1 Bf3 28. Nc6+ Kc7 29. Qxf7+ Kxc6 30. Qxe6+ Kb7 31. Rd7+ Rxd7 32. Qxd7+ Kb8 33. Qd3 Bxg4 34. e6 Qg3+ 35. Bf2 Qxd3 36. cxd3 Bxe6 37. Bd4 c2 38. Be3 Bf5 39. Ke2 Kc7 40. Bc1 Bg4+ 41. Kd2 Bd1 42. Bb2 Kd6 43. f5 Ke7 44. Ke3 Bg4 45. f6+ Kf7 46. Kf4 1/2-1/2

[Event "CP-2016-P-00045"]
[Site "LSS email"]
[Date "2016.09.27"]
[Round "?"]
[White "Schubert, Volker"]
[Black "Xyko, Kenny"]
[Result "1/2-1/2"]
[WhiteElo "2204"]
[BlackElo "1701"]
[PlyCount "80"]
[EventDate "2016.10.01"]
[EventType "tourn (corr)"]
[EventRounds "6"]
[EventCountry "GER"]
[SourceTitle "Corr 2022"]
[Source "ChessBase"]
[SourceDate "2021.10.24"]
[SourceVersion "1"]
[SourceVersionDate "2021.10.24"]
[SourceQuality "1"]

1. d4 Nf6 2. c4 g6 3. Nc3 Bg7 4. e4 d6 5. Be2 0-0 6. Nf3 e5 7. 0-0 Nbd7 8. Re1 c6 9. d5 Nc5 10. Qc2 cxd5 11. cxd5 Qc7 12. Nd2 Bd7 13. a4 Rfc8 14. Nc4 Nxa4 15. Rxa4 b5 16. Rb4 bxc4 17. Rxc4 Qb7 18. Rxc8+ Rxc8 19. h3 a5 20. Bd2 Rb8 21. Rb1 Ne8 22. Bc4 Bf6 23. b4 axb4 24. Na2 Bd8 25. Nxb4 Bb6 26. Bb3 Rc8 27. Nc6 Bxc6 28. dxc6 Rxc6 29. Qa2 Qa7 30. Qxa7 Bxa7 31. Ba4 Rc8 32. Rb7 Bc5 33. Bb3 Nc7 34. Bh6 Ne6 35. Bd5 Nc7 36. Bc6 Ne6 37. Bb5 Nd4 38. Bc4 Ne6 39. h4 Ba3 40. Bb3 Bc1 1/2-1/2

[Event "SD-2016-0-00262"]
[Site "LSS email"]
[Date "2016.08.10"]
[Round "?"]
[White "Xyko, Kenny"]
[Black "Moujan, Pablo"]
[Result "1-0"]
[WhiteElo "1656"]
[BlackElo "1550"]
[PlyCount "63"]
[EventDate "2016.06.28"]
[EventType "tourn (corr)"]
[EventRounds "6"]
[EventCountry "GER"]
[SourceTitle "Corr 2022"]
[Source "ChessBase"]
[SourceDate "2021.10.24"]
[SourceVersion "1"]
[SourceVersionDate "2021.10.24"]
[SourceQuality "1"]

1. e4 c5 2. Nf3 e6 3. d4 cxd4 4. Nxd4 Nf6 5. Nc3 d6 6. g4 h6 7. h4 Nc6 8. Rg1 h5 9. gxh5 Nxh5 10. Bg5 Nf6 11. Qd2 Qb6 12. Nb3 Bd7 13. 0-0-0 a6 14. Be2 Qc7 15. Kb1 b5 16. a3 Ne5 17. Bxf6 gxf6 18. Qf4 Ke7 19. h5 Bh6 20. Qh4 Bg5 21. Qg3 Bh6 22. f4 Nc4 23. e5 dxe5 24. Ne4 exf4 25. Qe1 a5 26. Bxc4 bxc4 27. Nxf6 Bc6 28. Nd4 Rad8 29. Nxc6+ Qxc6 30. Qh4 Rxd1+ 31. Rxd1 Kf8 32. Nd7+ 1-0

[Event "SD-2016-0-00247"]
[Site "LSS email"]
[Date "2016.01.06"]
[Round "?"]
[White "Endean, Andrew"]
[Black "Xyko, Kenny"]
[Result "1/2-1/2"]
[WhiteElo "1589"]
[BlackElo "1581"]
[PlyCount "51"]
[EventDate "2015.12.05"]
[EventType "tourn (corr)"]
[EventRounds "6"]
[EventCountry "GER"]
[SourceTitle "Corr 2022"]
[Source "ChessBase"]
[SourceDate "2021.10.24"]
[SourceVersion "1"]
[SourceVersionDate "2021.10.24"]
[SourceQuality "1"]

1. d4 Nf6 2. c4 g6 3. Nc3 Bg7 4. e4 d6 5. Nf3 0-0 6. Be2 e5 7. 0-0 Nc6 8. d5 Ne7 9. b4 Nh5 10. Re1 f5 11. Ng5 Nf4 12. Bxf4 exf4 13. Rc1 Bf6 14. Ne6 Bxe6 15. dxe6 Bxc3 16. Rxc3 fxe4 17. Bf1 e3 18. fxe3 fxe3 19. Rcxe3 a5 20. a3 axb4 21. axb4 c6 22. Kh1 d5 23. cxd5 cxd5 24. h3 Qb6 25. Qd2 Rf6 26. Bd3 1/2-1/2

[Event "SD-2016-0-00247"]
[Site "LSS email"]
[Date "2016.01.06"]
[Round "?"]
[White "Salazar Moran, Alejandro Fortunato"]
[Black "Xyko, Kenny"]
[Result "0-1"]
[WhiteElo "1538"]
[BlackElo "1581"]
[PlyCount "56"]
[EventDate "2015.12.05"]
[EventType "tourn (corr)"]
[EventRounds "6"]
[EventCountry "GER"]
[SourceTitle "Corr 2022"]
[Source "ChessBase"]
[SourceDate "2021.10.24"]
[SourceVersion "1"]
[SourceVersionDate "2021.10.24"]
[SourceQuality "1"]

1. e4 c5 2. Nf3 d6 3. d4 cxd4 4. Nxd4 Nf6 5. Nc3 g6 6. Be3 Bg7 7. f3 0-0 8. Qd2 Nc6 9. g4 Bxg4 10. fxg4 Nxg4 11. Nxc6 bxc6 12. Bf4 Rb8 13. Be2 Qb6 14. Nd1 e5 15. Bg3 Nf6 16. Bf3 d5 17. Bf2 Qb7 18. exd5 cxd5 19. 0-0 Ne4 20. Bxe4 dxe4 21. Be3 f5 22. Bh6 Rbd8 23. Qc1 f4 24. Bxg7 Kxg7 25. Nc3 e3 26. b3 Rf5 27. Ne2 Rd2 28. c4 Rg5+ 0-1

[Event "SD-2016-0-00247"]
[Site "LSS email"]
[Date "2016.01.05"]
[Round "?"]
[White "Xyko, Kenny"]
[Black "Sofia, Gerardo"]
[Result "1-0"]
[WhiteElo "1581"]
[BlackElo "1426"]
[PlyCount "71"]
[EventDate "2015.12.05"]
[EventType "tourn (corr)"]
[EventRounds "6"]
[EventCountry "GER"]
[SourceTitle "Corr 2022"]
[Source "ChessBase"]
[SourceDate "2021.10.24"]
[SourceVersion "1"]
[SourceVersionDate "2021.10.24"]
[SourceQuality "1"]

1. e4 e5 2. Nf3 Nc6 3. Bb5 a6 4. Ba4 Nf6 5. 0-0 b5 6. Bb3 Be7 7. d4 d6 8. c3 0-0 9. Re1 Bb7 10. Nbd2 Qd7 11. Nf1 Na5 12. Bc2 exd4 13. cxd4 g6 14. Ng3 Rfe8 15. b3 c5 16. Qd2 Qc7 17. Bb2 c4 18. d5 Rac8 19. Qf4 c3 20. Ba3 Qb6 21. Bc1 Qd8 22. Be3 Bf8 23. Bd4 Bg7 24. Re3 h5 25. Ng5 Qe7 26. Rf3 Nxd5 27. exd5 Bxd4 28. Nxf7 Bg7 29. Bxg6 c2 30. Rc1 Bxd5 31. Qf5 Qe1+ 32. Nf1 Be4 33. Bh7+ Kf8 34. Qd7 Bxf3 35. Rxe1 Rxe1 36. Qxc8+ 1-0

[Event "SD-2016-0-00247"]
[Site "LSS email"]
[Date "2016.01.02"]
[Round "?"]
[White "Xyko, Kenny"]
[Black "Koziol, Pawel"]
[Result "1-0"]
[WhiteElo "1581"]
[BlackElo "1589"]
[PlyCount "91"]
[EventDate "2015.12.05"]
[EventType "tourn (corr)"]
[EventRounds "6"]
[EventCountry "GER"]
[SourceTitle "Corr 2022"]
[Source "ChessBase"]
[SourceDate "2021.10.24"]
[SourceVersion "1"]
[SourceVersionDate "2021.10.24"]
[SourceQuality "1"]

1. e4 e5 2. Nf3 Nc6 3. Bb5 a6 4. Ba4 Nf6 5. 0-0 Be7 6. Re1 b5 7. Bb3 d6 8. c3 0-0 9. h3 Nb8 10. d4 Nbd7 11. Nbd2 Bb7 12. Bc2 Re8 13. a4 Bf8 14. Bd3 c6 15. b4 g6 16. Nb3 Qc7 17. dxe5 Nxe5 18. Nxe5 dxe5 19. Be3 Nd7 20. Na5 Nb6 21. Nxb7 Qxb7 22. a5 Nd7 23. Qe2 c5 24. c4 Reb8 25. cxb5 axb5 26. bxc5 Nxc5 27. Reb1 Nxd3 28. Qxd3 Ra6 29. Bb6 b4 30. Rc1 Rxb6 31. axb6 Qxb6 32. Qd5 Qd4 33. Qxd4 exd4 34. Rc2 Re8 35. f3 Bh6 36. Kf1 d3 37. Rca2 Bf4 38. Ra8 Kf8 39. Rxe8+ Kxe8 40. Rb1 h5 41. Rxb4 Ke7 42. Rd4 d2 43. Ke2 Ke6 44. Rxd2 Bxd2 45. Kxd2 Ke5 46. Ke3 1-0

[Event "CP-2015-P-00005"]
[Site "LSS email"]
[Date "2015.09.28"]
[Round "?"]
[White "Madrid Sole, Antonio"]
[Black "Xyko, Kenny"]
[Result "1/2-1/2"]
[WhiteElo "1717"]
[BlackElo "1595"]
[PlyCount "118"]
[EventDate "2015.10.01"]
[EventType "tourn (corr)"]
[EventRounds "6"]
[EventCountry "GER"]
[SourceTitle "Corr 2022"]
[Source "ChessBase"]
[SourceDate "2021.10.24"]
[SourceVersion "1"]
[SourceVersionDate "2021.10.24"]
[SourceQuality "1"]

1. d4 Nf6 2. Nf3 g6 3. Bg5 Bg7 4. Nbd2 0-0 5. c3 d5 6. e3 Nbd7 7. Be2 Re8 8. 0-0 e5 9. dxe5 Nxe5 10. Nxe5 Rxe5 11. Nf3 Re8 12. Qb3 c6 13. Rfd1 h6 14. Bh4 Qe7 15. Rac1 g5 16. Bg3 Ne4 17. Nd2 Nxg3 18. hxg3 Be6 19. Qc2 c5 20. Nf3 Rad8 21. Bb5 Rf8 22. Bd3 Bf6 23. Bf5 Bxf5 24. Qxf5 Qe6 25. Qc2 Rfe8 26. Qb3 b6 27. Ne1 d4 28. Qxe6 Rxe6 29. exd4 cxd4 30. cxd4 Re2 31. d5 Rxb2 32. Rc2 Rxc2 33. Nxc2 Be7 34. Ne3 Bc5 35. Ng4 Kg7 36. Ne5 h5 37. Nc6 Rd7 38. Ne5 Re7 39. Nc6 Rd7 40. Ne5 Rd6 41. Nc6 b5 42. Kf1 Kg6 43. Ke2 g4 44. f3 Kg5 45. Rd3 Kf5 46. Ne7+ Ke5 47. Nc6+ Kf5 48. Ne7+ Kf6 49. Nc6 Rd7 50. Rd1 a6 51. f4 Rd6 52. Ne5 Kg7 53. Nc6 Rd7 54. Ne5 Rd8 55. Rd2 f6 56. Nc6 Re8+ 57. Kd1 Re3 58. d6 Rxg3 59. d7 Bb6 1/2-1/2

[Event "SD-2015-0-00232"]
[Site "LSS email"]
[Date "2015.07.11"]
[Round "?"]
[White "Pech, Stepan"]
[Black "Xyko, Kenny"]
[Result "0-1"]
[WhiteElo "1428"]
[BlackElo "1545"]
[PlyCount "74"]
[EventDate "2015.06.18"]
[EventType "tourn (corr)"]
[EventRounds "6"]
[EventCountry "GER"]
[SourceTitle "Corr 2022"]
[Source "ChessBase"]
[SourceDate "2021.10.24"]
[SourceVersion "1"]
[SourceVersionDate "2021.10.24"]
[SourceQuality "1"]

1. e4 c5 2. Nf3 d6 3. d4 cxd4 4. Nxd4 Nf6 5. Nc3 g6 6. Be3 Bg7 7. f3 Nc6 8. Qd2 0-0 9. 0-0-0 d5 10. exd5 Nxd5 11. Nxc6 bxc6 12. Bd4 e5 13. Bc5 Be6 14. Ne4 Re8 15. h4 h6 16. g4 Qc7 17. g5 h5 18. Bc4 Red8 19. Qf2 a5 20. a4 Rab8 21. Rd2 Qb7 22. b3 Nf4 23. Bxe6 Nxe6 24. Bd6 Rbc8 25. Rhd1 Nd4 26. Rd3 Qd7 27. f4 Qg4 28. fxe5 Ne2+ 29. Kb1 Qxe4 30. Re1 c5 31. Rxe2 Qc6 32. Qf3 c4 33. Qxc6 Rxc6 34. Rd5 cxb3 35. cxb3 Rc3 36. Kb2 Rh3 37. Re4 Rh1 0-1

[Event "SD-2015-0-00232"]
[Site "LSS email"]
[Date "2015.07.11"]
[Round "?"]
[White "Xyko, Kenny"]
[Black "Koziol, Pawel"]
[Result "0-1"]
[WhiteElo "1545"]
[BlackElo "1634"]
[PlyCount "110"]
[EventDate "2015.06.18"]
[EventType "tourn (corr)"]
[EventRounds "6"]
[EventCountry "GER"]
[SourceTitle "Corr 2022"]
[Source "ChessBase"]
[SourceDate "2021.10.24"]
[SourceVersion "1"]
[SourceVersionDate "2021.10.24"]
[SourceQuality "1"]

1. e4 e5 2. Nf3 Nc6 3. Bb5 a6 4. Ba4 Nf6 5. 0-0 Be7 6. Re1 b5 7. Bb3 d6 8. c3 0-0 9. h3 Nb8 10. d4 Nbd7 11. Nbd2 Bb7 12. Bc2 Re8 13. a4 Bf8 14. Bd3 c6 15. b3 g6 16. Bb2 Nh5 17. Qc2 Nf4 18. Bf1 Bg7 19. g3 Ne6 20. axb5 axb5 21. Rxa8 Bxa8 22. b4 Qc7 23. Nb3 Bb7 24. Na5 Ba8 25. Rc1 Rf8 26. Bd3 d5 27. exd5 cxd5 28. Bxb5 e4 29. Ne1 f5 30. Ra1 f4 31. g4 Nf6 32. Nb3 Ng5 33. Bf1 Qc8 34. b5 Nxg4 35. Ba3 Rf7 36. Bd6 Bf8 37. Bxf8 Rxf8 38. Qa2 Qf5 39. Nc5 f3 40. Nc2 Nxf2 41. Kxf2 Qf4 42. Ke1 e3 43. Nxe3 Qxe3+ 44. Kd1 Qxc3 45. Nd3 Ne4 46. Rc1 Qxd4 47. Qa6 Qe3 48. Qe6+ Kg7 49. Rc7+ Kh6 50. Rxh7+ Kxh7 51. Qe7+ Kg8 52. Qe6+ Kg7 53. Qe7+ Rf7 54. Qe5+ Kh7 55. Qb2 Qg1 0-1

[Event "SE-2015-0-00201"]
[Site "LSS email"]
[Date "2015.06.08"]
[Round "?"]
[White "Obrien, Glenn"]
[Black "Xyko, Kenny"]
[Result "0-1"]
[WhiteElo "1367"]
[BlackElo "1545"]
[PlyCount "76"]
[EventDate "2015.03.25"]
[EventType "tourn (corr)"]
[EventRounds "6"]
[EventCountry "GER"]
[SourceTitle "Corr 2022"]
[Source "ChessBase"]
[SourceDate "2021.10.24"]
[SourceVersion "1"]
[SourceVersionDate "2021.10.24"]
[SourceQuality "1"]

1. e4 c5 2. Nf3 d6 3. d4 cxd4 4. Nxd4 Nf6 5. Nc3 g6 6. Be3 Bg7 7. f3 Nc6 8. Qd2 0-0 9. Bc4 Bd7 10. 0-0-0 Rc8 11. Bb3 Ne5 12. h4 h5 13. Bg5 Rc5 14. Kb1 b5 15. g4 a5 16. gxh5 Nxh5 17. Nd5 Re8 18. a3 Nc4 19. Qg2 Kf8 20. Nf5 Bxf5 21. exf5 Qa8 22. Bxe7+ Kg8 23. f4 Rxd5 24. Qxd5 Qxd5 25. Rxd5 Rxe7 26. fxg6 Ng3 27. Rg1 Ne2 28. Rgg5 Nc3+ 29. bxc3 Re1+ 30. Ka2 Bxc3 31. Bxc4 bxc4 32. gxf7+ Kf8 33. Rg8+ Kxf7 34. Rg7+ Kxg7 35. Rg5+ Kf6 36. Rg6+ Kxg6 37. h5+ Kxh5 38. f5 Ra1# 0-1

[Event "IECG QE.2003.0.00062"]
[Site "IECG email"]
[Date "2003.12.29"]
[Round "?"]
[White "Mori, Roberto"]
[Black "Xyko, Kenny"]
[Result "1-0"]
[WhiteElo "1237"]
[BlackElo "1304"]
[PlyCount "33"]
[EventDate "2003.12.29"]
[EventType "tourn (corr)"]
[EventRounds "6"]
[SourceTitle "Corr 2008"]
[Source "ChessBase"]
[SourceDate "2008.06.24"]
[SourceVersion "1"]
[SourceVersionDate "2008.06.24"]
[SourceQuality "1"]

1. e4 c5 2. Nf3 d6 3. d4 cxd4 4. Nxd4 Nf6 5. Nc3 a6 6. Bd3 g6 7. 0-0 Nc6 8. Nxc6 bxc6 9. Bc4 Bg7 10. e5 dxe5 11. Qxd8+ Kxd8 12. Na4 Bf5 13. Nc5 Nd5 14. c3 a5 15. Rd1 Kc7 16. f3 Rhd8 17. g4 1-0

[Event "IECG CE.2003.0.00052 email"]
[Site "IECG email"]
[Date "2003.05.08"]
[Round "?"]
[White "Trevis, Robert R"]
[Black "Xyko, Kenny"]
[Result "1/2-1/2"]
[WhiteElo "1387"]
[BlackElo "1134"]
[PlyCount "95"]
[EventDate "2003.05.08"]
[EventType "tourn (corr)"]
[EventRounds "6"]
[SourceTitle "Corr 2008"]
[Source "ChessBase"]
[SourceDate "2008.06.24"]
[SourceVersion "1"]
[SourceVersionDate "2008.06.24"]
[SourceQuality "1"]

1. e4 c5 2. Nf3 d6 3. d4 cxd4 4. Nxd4 Nf6 5. Nc3 a6 6. Be2 e5 7. Nb3 Be7 8. Bg5 Nbd7 9. 0-0 0-0 10. Qd2 b5 11. a4 b4 12. Nd5 Nxd5 13. Qxd5 Ra7 14. Be3 Nf6 15. Qc4 Rc7 16. Bb6 Rxc4 17. Bxd8 Rxe4 18. Bxe7 Rxe2 19. Bxf8 Kxf8 20. Rfd1 Rxc2 21. Rxd6 Rxb2 22. Nc5 Ke7 23. Rc6 Bf5 24. Rxa6 Nd5 25. Ra7+ Kf6 26. Re1 Rc2 27. Ra5 Be6 28. Rb5 Ra2 29. a5 Nc3 30. Rxb4 Rxa5 31. Nxe6 Kxe6 32. f4 e4 33. Rb3 Rc5 34. Re3 Nd5 35. Rxe4+ Kf5 36. Re1 Nxf4 37. Rf1 Ke5 38. Rb7 g5 39. g3 Nh3+ 40. Kh1 h5 41. Re7+ Kd6 42. Rexf7 Rc2 43. R7f6+ Kd5 44. Rf8 Ra2 45. R1f7 Kd6 46. Rf5 Ke6 47. R8f6+ Ke7 48. Rf1 1/2-1/2